La participación de los padres y madres en la escuela
Wedi'i Gadw mewn:
| Prif Awduron: | , , , |
|---|---|
| Fformat: | Llyfr |
| Iaith: | Sbaeneg |
| Cyhoeddwyd: |
Barcelona
Graó
2003
|
| Rhifyn: | 1a. ed |
| Cyfres: | Claves para la Innovación Educativa, 19
|
| Pynciau: | |
| Tagiau: |
Ychwanegu Tag
Dim Tagiau, Byddwch y cyntaf i dagio'r cofnod hwn!
|
MARC
| LEADER | 00000nam a2200000 a 4500 | ||
|---|---|---|---|
| 001 | UCL9588 | ||
| 003 | CL-VaPUC | ||
| 008 | 040813e20030000SP |||||||||||||||||spa|d | ||
| 020 | |a 8478272933 | ||
| 082 | 0 | 4 | |a 371.192 |b ALF |2 21 |
| 100 | 0 | |a Alfonso Calvo, Carmen |e author |9 487470 | |
| 700 | 0 | |a Amat Ortega, Roser |e author |9 487471 | |
| 700 | 0 | |a D'Angelo Menéndez, Estela |e author |9 487472 | |
| 700 | 0 | |a Díez Gutiérrez, Enrique Javier |e author |9 487473 | |
| 245 | 1 | 3 | |a La participación de los padres y madres en la escuela |
| 250 | |a 1a. ed | ||
| 300 | |a 155 p | ||
| 942 | |c BK | ||
| 945 | |d 20040813 00:00:00 |a cmena | ||
| 260 | |a Barcelona |b Graó |c 2003 | ||
| 650 | 7 | |a PARTICIPACION DE LOS PADRES |2 CL-VaPUC |9 487474 | |
| 650 | 7 | |a ROL DE LOS PADRES |2 CL-VaPUC |9 338980 | |
| 650 | 0 | |a Integración social |9 319662 | |
| 650 | 0 | |a Rol del docente |9 329733 | |
| 650 | 0 | |a Sociología de la educación |9 260380 | |
| 650 | 7 | |a RELACION PADRES ESCUELA |2 CL-VaPUC |9 476651 | |
| 583 | |a last modification |c 20190726 10:45:03 |k Rodrigo Vera | ||
| 490 | 0 | |a Claves para la Innovación Educativa, 19 | |
| 999 | |c 310329 |d 310327 | ||
| 952 | |0 0 |1 0 |4 0 |6 371_192000000000000_ALF_2003 |7 0 |8 A |9 378630 |a BIBEDU |b BIBEDU |d 2019-11-21 |i 4047699 |o 371.192 ALF 2003 |p 4047699 |r 2019-11-21 |w 2019-11-21 |y BK |k EPE | ||
| 952 | |0 0 |1 0 |4 0 |6 371_192000000000000_ALF_2003 |7 0 |8 A |9 378631 |a BIBEDU |b BIBEDU |d 2019-11-21 |i 4167678 |o 371.192 ALF 2003 |p 4167678 |r 2019-11-21 |w 2019-11-21 |y BK |k EBA | ||